000 02110nam a2200493 c 4500
999 _c175535
_d175535
003 BLK
005 20240807114033.0
008 180411b bul|||||r ||||||| ||bul||
010 _aKNG00184122000
040 _aBLK
041 _aBUL
_cBUL
072 7 _2bullib
_aА
_xФонд Михаил Арнаудов
080 _aФолклор (в тесен смисъл)
_b398
_x(497.2)
_z398(497.2)
100 1 _aДинеков, Петър Николов
_eпърви автор
_9363799
139 _aДинеков, Петър Николов
_bД 62
245 1 0 _aБългарски фолклор
_bЧ. 1 -
_cПетър Николов Динеков.
_nЧ. 1
250 _a2. изд.
257 _aBGR
260 _bБълг. писател
_c1972 -
_fСофия : Тодор Димитров
300 _c21 см
380 _a3
490 _9396381
_aЧастна колекция - Академик Михаил Арнаудов
_gДарение - основен фонд
500 _aАвтограф с такст: На акад. М. арнаудов с дълбоко уважение. 1.I.1973. П. Динеков
650 4 _aНародно творчество, българско
_9245232
650 4 _aПесни, народни, български
_9296522
653 _aнародно творчество
653 _aнародни песни
653 _aобредни песни
653 _aмитически песни
653 _aюнашки песни
653 _aисторически песни
659 _aА
760 1 _aДинеков, Петър Николов
_b2. изд.
_d1972
_h588 с.
_nБиблиогр. с. 583-585. - Фонд Михаил Арнаудов - бележки по текста: с. 153
_tЧ. 1
852 _aЦб 65534
852 _aЦб МА 102
_bМА
856 4 _qpdf
856 4 _qpdf
942 _cKNG
_n0
_03
_s1
944 _aCR
_c26.10.2015
_lЦветелина Шанова
_k30531
944 _aED
_c04.09.2017
_lф /
_kЛюдмила_Стоянова
999 _d175535
999 _d175535
999 _d175535